Текст томруулах:    
Building control systems (Бичлэгийн дугаар. 145319)
000 -УДИРДЛАГА
Удирдлага 00873nam a22003017a 4500
003 - ХЯНАЛТЫН ТОО ТОДОРХОЙЛОГЧ
Код MN-UlNUM
005 - БИЧИЛТ ХИЙСЭН ОГНОО
Тухайн бичилтийг бичсэн засварласан сүүлийн огноо 20251105115408.0
008 - ЕРӨНХИЙ МЭДЭЭЛЭЛ
Ерөнхий мэдээлэл 251105s1993 nyu|b||| |||| 001 0 eng d
020 ## - ISBN
ISBN 0471573787
040 ## - БИЧЛЭГ ҮҮСГЭГЧ БАЙГУУЛЛАГА
Бичлэг үүсгэгч номын сангийн код МУИС-ийн номын сан
084 ## - ББК АНГИЛАЛ
Нэмэлт тусгалт Нэг сэдэвт бүтээл
ББК ангилал 85.11
Зохиогчийн гурван тэмдэгт M 69
Мэдлэгийн ялгаа 85 - Урлаг
100 1# - ЗОХИОГЧ
Зохиогчийн нэр Bradshaw, Vaughn.
245 10 - ҮНДСЭН ГАРЧИГ
Номын нэр Building control systems
Оролцогчдын тухай мэдээ Vaughn Bradshaw ; illustrated by Kenneth E. Miller.
250 ## - ДАХИН ХЭВЛЭЛТ
Дахин гаралтын дугаар 2nd ed.
260 ## - ГАРАЛТЫН МЭДЭЭ
Хэвлэгдсэн газар New York :
Хэвлэлийн газар Wiley,
Хэвлэгдсэн он 1993.
300 ## - МАТЕРИАЛЫН ТОДОРХОЙЛОЛТ
хуудасны тоо xvi, 601 p. :
Бусад тоон мэдээлэл ill. ;
Хэмжээ 29 cm.
500 ## - Тайлбар
Дансны дугаар БС 1915
546 ## - ХЭЛНИЙ ТУХАЙ МЭДЭЭ
Хэл Англи хэл дээр,
653 ## - Түлхүүр үг
Түлхүүр үг intelligent buildings
653 ## - Түлхүүр үг
Түлхүүр үг electric equipment
653 ## - Түлхүүр үг
Түлхүүр үг mechanical equipment
740 ## - НОМЫН ГАРЧИГ
Гарчиг Human Comfort and Health Requirements.
740 ## - НОМЫН ГАРЧИГ
Гарчиг Thermodynamic Principles.
740 ## - НОМЫН ГАРЧИГ
Гарчиг Thermal Dynamics of Buildings.
740 ## - НОМЫН ГАРЧИГ
Гарчиг Load Calculations.
942 ## - ЭЛЕМЕНТИЙН ТӨРӨЛ
Зүйлийн төрөл Ном